000 00298nam a22001217a 4500
008 171005b xxu||||| |||| 00| 0 eng d
041 _aeng
080 _a159.9
100 _a48
101 _aPSI
245 _aTHE POVERTY OF AFFLUENCE APSYCHOLOGICAL PORTAIT
_cWACHTEL.P.L
942 _2udc
_cBK
999 _c31887
_d31887